LDR 00937naa#a2200181#i#450# 001 EN\\bibl\122341 005 20260430001559.4 011 ## _a2307-7476 100 ## _a20260410b2026####ek#y0engy0150####ca 102 ## _aRU 200 1# _aNUMERICAL MODELING OF THE DYNAMICS OF A FOREST FIRE FRONT TAKING INTO ACCOUNT THE INFLUENCE OF WIND AND MATERIAL MOISTURE _eJournal article 210 1# _aSaint-Petersburg _cSaint-Petersburg University of State Fire Service of Emercom of Russia _d2026 215 ## _a10 с. 608 ## _aJournal article _2local 675 ## _aИсследование поведения объекта на основе его математической модели. 004.942 _aВычислительная математика, численный анализ и программирование (машинная математика). 519.6 _z 700 #1 _aAstashov _gEgor V. 700 #1 _aParyonkina _gViktoriya I. 856 4# _ajournals.igps.ru _u